000
00280nam a22001337a 4500
008
230529b ||||| |||| 00| 0 eng d
041
_a
FRA
080
_a
82
082
_a
82FLA
100
_a
38
101
_a
GJL
245
_a
THEATRE COMPLET I
_c
FLAMMARION.G
942
_2
udc
_c
BK
999
_c
59868
_d
59868